<?xml version="1.0" encoding="UTF-8"?>
<record
    xmlns:xsi="http://www.w3.org/2001/XMLSchema-instance"
    xsi:schemaLocation="http://www.loc.gov/MARC21/slim http://www.loc.gov/standards/marcxml/schema/MARC21slim.xsd"
    xmlns="http://www.loc.gov/MARC21/slim">

  <leader>02209nam a22003737a 4500</leader>
  <controlfield tag="005">20080918163843.0</controlfield>
  <controlfield tag="008">080918t        xxu||||| |||| 00| 0 hin d</controlfield>
  <datafield tag="010" ind1=" " ind2=" ">
    <subfield code="a">HIN-92817-18</subfield>
  </datafield>
  <datafield tag="020" ind1=" " ind2=" ">
    <subfield code="c">549.00</subfield>
    <subfield code="a">8180470652</subfield>
  </datafield>
  <datafield tag="020" ind1=" " ind2=" ">
    <subfield code="c">432.00</subfield>
    <subfield code="a">9788180470660</subfield>
  </datafield>
  <datafield tag="035" ind1=" " ind2=" ">
    <subfield code="a">HN-65163-64</subfield>
  </datafield>
  <datafield tag="037" ind1=" " ind2=" ">
    <subfield code="b">DBAD / PUB</subfield>
  </datafield>
  <datafield tag="040" ind1=" " ind2=" ">
    <subfield code="a">DPL</subfield>
    <subfield code="b">HN</subfield>
  </datafield>
  <datafield tag="082" ind1=" " ind2=" ">
    <subfield code="a">540.76</subfield>
  </datafield>
  <datafield tag="100" ind1=" " ind2=" ">
    <subfield code="9">747</subfield>
    <subfield code="a">&#x92E;&#x947;&#x939;&#x924;&#x93E;, &#x935;&#x940;.&#x92A;&#x940;.</subfield>
  </datafield>
  <datafield tag="245" ind1=" " ind2=" ">
    <subfield code="a">&#x930;&#x938;&#x93E;&#x92F;&#x928;&#x903;</subfield>
    <subfield code="c">&#x935;&#x940;.&#x92A;&#x940;. &#x92E;&#x947;&#x939;&#x924;&#x93E;</subfield>
    <subfield code="b">&#x92D;&#x94C;&#x924;&#x93F;&#x915;&#x940; &#x90F;&#x935;&#x902; &#x905;&#x915;&#x93E;&#x930;&#x94D;&#x92C;&#x928;&#x93F;&#x915; &#x930;&#x938;&#x93E;&#x92F;&#x928; /</subfield>
  </datafield>
  <datafield tag="260" ind1=" " ind2=" ">
    <subfield code="a">&#x91C;&#x92F;&#x92A;&#x941;&#x930;</subfield>
    <subfield code="b">&#x91C;&#x92F;&#x92A;&#x941;&#x930; &#x92A;&#x92C;&#x94D;&#x932;&#x93F;&#x936;&#x93F;&#x902;&#x917; &#x939;&#x93E;&#x909;&#x938;</subfield>
    <subfield code="c">2010</subfield>
  </datafield>
  <datafield tag="270" ind1=" " ind2=" ">
    <subfield code="a">&#x91A;&#x94C;&#x921;&#x93C;&#x93E; &#x930;&#x93E;&#x938;&#x94D;&#x924;&#x93E;</subfield>
    <subfield code="b">&#x91C;&#x92F;&#x92A;&#x941;&#x930;</subfield>
    <subfield code="e">302003</subfield>
    <subfield code="k">(&#x915;&#x93E;&#x930;&#x94D;&#x92F;&#x93E;&#x932;&#x92F;) 2319198 (&#x928;&#x93F;&#x935;&#x93E;&#x938;) 2598010</subfield>
  </datafield>
  <datafield tag="300" ind1=" " ind2=" ">
    <subfield code="a">2&#x92D;&#x93E;&#x917; (&#x935;&#x93F;.&#x92A;&#x943;.)</subfield>
    <subfield code="c">25&#x938;&#x947;&#x92E;&#x940; (&#x905;&#x91C;&#x93F;&#x932;&#x94D;&#x926;)</subfield>
  </datafield>
  <datafield tag="490" ind1=" " ind2=" ">
    <subfield code="a">13&#x935;&#x93E;&#x902; &#x938;&#x902;&#x938;&#x94D;&#x915;</subfield>
    <subfield code="9">28634</subfield>
  </datafield>
  <datafield tag="500" ind1=" " ind2=" ">
    <subfield code="a">2 &#x92D;&#x93E;&#x917;&#x94B;&#x902; &#x92E;&#x947;&#x902; &#x92A;&#x94D;&#x930;&#x915;&#x93E;&#x936;&#x93F;&#x924;</subfield>
  </datafield>
  <datafield tag="500" ind1=" " ind2=" ">
    <subfield code="a">&#x905;&#x927;&#x94D;&#x92F;&#x92F;&#x928; &#x938;&#x93E;&#x92E;&#x917;&#x94D;&#x930;&#x940;, &#x909;&#x926;&#x93E;&#x939;&#x930;&#x923;, &#x92A;&#x94D;&#x930;&#x93E;&#x930;&#x942;&#x92A;&#x940; &#x92A;&#x94D;&#x930;&#x936;&#x94D;&#x928; &#x939;&#x932;, &#x935;&#x938;&#x94D;&#x924;&#x941;&#x928;&#x93F;&#x937;&#x94D;&#x920; &#x92A;&#x94D;&#x930;&#x936;&#x94D;&#x928; &#x90F;&#x935;&#x902; &#x935;&#x93F;&#x937;&#x92F;&#x93E;&#x924;&#x94D;&#x92E;&#x915; &#x92A;&#x94D;&#x930;&#x936;&#x94D;&#x928;&#x94B;&#x902; &#x938;&#x939;&#x93F;&#x924; /</subfield>
  </datafield>
  <datafield tag="505" ind1=" " ind2=" ">
    <subfield code="a">&#x92D;&#x93E;&#x917;-1, &#x92D;&#x94C;&#x924;&#x93F;&#x915; &#x90F;&#x935;&#x902; &#x905;&#x915;&#x93E;&#x930;&#x94D;&#x92C;&#x928;&#x93F;&#x915; &#x930;&#x938;&#x93E;&#x92F;&#x928;; &#x92D;&#x93E;&#x917;-2 &#x915;&#x93E;&#x930;&#x94D;&#x92C;&#x928;&#x93F;&#x915; &#x930;&#x938;&#x93E;&#x92F;&#x928;</subfield>
  </datafield>
  <datafield tag="650" ind1=" " ind2=" ">
    <subfield code="9">697</subfield>
  </datafield>
  <datafield tag="650" ind1=" " ind2=" ">
    <subfield code="9">698</subfield>
  </datafield>
  <datafield tag="700" ind1=" " ind2=" ">
    <subfield code="9">27881</subfield>
  </datafield>
  <datafield tag="700" ind1=" " ind2=" ">
    <subfield code="9">27882</subfield>
  </datafield>
  <datafield tag="700" ind1=" " ind2=" ">
    <subfield code="9">27883</subfield>
  </datafield>
  <datafield tag="942" ind1=" " ind2=" ">
    <subfield code="2">ddc</subfield>
    <subfield code="c">HN</subfield>
    <subfield code="m">&#x92E;&#x947;&#x939;&#x924;&#x93E;</subfield>
    <subfield code="h">540.76</subfield>
  </datafield>
  <datafield tag="999" ind1=" " ind2=" ">
    <subfield code="c">52695</subfield>
    <subfield code="d">52695</subfield>
  </datafield>
  <datafield tag="952" ind1=" " ind2=" ">
    <subfield code="0">0</subfield>
    <subfield code="1">0</subfield>
    <subfield code="2">ddc</subfield>
    <subfield code="3">&#x92D;&#x93E;&#x917;-1</subfield>
    <subfield code="4">0</subfield>
    <subfield code="7">1</subfield>
    <subfield code="8">NFIC</subfield>
    <subfield code="a">DBAD</subfield>
    <subfield code="b">DBAD</subfield>
    <subfield code="d">2011-06-02</subfield>
    <subfield code="e">DBAD / PUB</subfield>
    <subfield code="g">549.00</subfield>
    <subfield code="l">0</subfield>
    <subfield code="o">540.76&#x92E;&#x947;&#x939;&#x924;&#x93E;</subfield>
    <subfield code="p">HN-65163</subfield>
    <subfield code="r">2011-06-02 00:00:00</subfield>
    <subfield code="t">1</subfield>
    <subfield code="v">549.00</subfield>
    <subfield code="y">HN</subfield>
  </datafield>
  <datafield tag="952" ind1=" " ind2=" ">
    <subfield code="0">0</subfield>
    <subfield code="1">0</subfield>
    <subfield code="2">ddc</subfield>
    <subfield code="3">&#x92D;&#x93E;&#x917;-2</subfield>
    <subfield code="4">0</subfield>
    <subfield code="7">1</subfield>
    <subfield code="8">NFIC</subfield>
    <subfield code="a">DBAD</subfield>
    <subfield code="b">DBAD</subfield>
    <subfield code="d">2011-06-02</subfield>
    <subfield code="e">DBAD / PUB</subfield>
    <subfield code="g">432.00</subfield>
    <subfield code="l">0</subfield>
    <subfield code="o">000 &#x92E;&#x947;&#x939;&#x924;&#x93E;</subfield>
    <subfield code="p">HN-65164</subfield>
    <subfield code="r">2011-06-02 00:00:00</subfield>
    <subfield code="t">1</subfield>
    <subfield code="v">432.00</subfield>
    <subfield code="w">2011-06-02</subfield>
    <subfield code="y">HN</subfield>
  </datafield>
</record>
